Counties of the Bay Area on a Map - Statistics

General Stats
  • This quiz has been taken 172 times
  • The average score is 7 of 9
Answers on the Map
Answers color-coded by a green-red scale on the quiz's map according to % correct below.
 
Answer Stats
County % Correct
San Francisco County
97%
Alameda County
84%
Napa County
80%
Marin County
79%
San Mateo County
77%
Santa Clara County
73%
Contra Costa County
68%
Sonoma County
61%
Solano County
48%
No matching quizzes found
Score Distribution
Percent of People with Each Score
Percentile by Number Answered
Your Score History
You have not taken this quiz